000
00294nam a22001337a 4500
008
171101b xxu||||| |||| 00| 0 eng d
020
_a
9780073381398
041
_a
eng
080
_2
6TH
_a
33
100
_a
59
101
_a
BUS
245
_a
GLOBAL BUSINESS TODAY
_c
HILL,CH.W
942
_2
udc
_c
BK
999
_c
36975
_d
36975